[Event "Porto Sant Elpidio op-B 6th"]
[Site "Porto Sant Elpidio"]
[Date "2003.11.23"]
[Round "5"]
[White "Rastelli, Davide"]
[Black "Trancanelli, Claudio"]
[Result "1-0"]
[WhiteElo "1797"]
[BlackElo "1614"]
[PlyCount "73"]
[EventDate "2003.11.15"]
[EventType "swiss"]
[EventRounds "6"]
[EventCountry "ITA"]
[SourceTitle "EXT 2024"]
[Source "ChessBase"]
[SourceDate "2023.10.10"]
[SourceVersion "1"]
[SourceVersionDate "2023.10.10"]
[SourceQuality "1"]

1. d4 Nf6 2. c4 c5 3. Nf3 cxd4 4. Nxd4 g6 5. Nc3 Bg7 6. e4 d6 7. f3 0-0 8. Be3 Nc6 9. Be2 Bd7 10. Qd2 Rc8 11. 0-0 Ne5 12. b3 a6 13. h3 Nc6 14. Rad1 Nh5 15. Kh2 Qa5 16. f4 Nxd4 17. Bxd4 Bc6 18. Nd5 Bxd5 19. Qxa5 Bxe4 20. Bxh5 gxh5 21. Qg5 f6 22. Qxh5 Bg6 23. Qf3 e5 24. f5 Be8 25. Be3 Bc6 26. Qg4 Kh8 27. Rxd6 Rg8 28. Qh4 Rcf8 29. Rfd1 Bh6 30. Rxc6 Bg5 31. Bxg5 fxg5 32. Qe4 bxc6 33. Qxe5+ Rg7 34. Rd7 Rfg8 35. Rxg7 Rxg7 36. f6 Rf7 37. Qe8+ 1-0

[Event "Porto Sant Elpidio op-B 6th"]
[Site "Porto Sant Elpidio"]
[Date "2003.11.16"]
[Round "2"]
[White "Fratini, Mauro"]
[Black "Rastelli, Davide"]
[Result "0-1"]
[WhiteElo "1630"]
[BlackElo "1797"]
[PlyCount "73"]
[EventDate "2003.11.15"]
[EventType "swiss"]
[EventRounds "6"]
[EventCountry "ITA"]
[SourceTitle "EXT 2024"]
[Source "ChessBase"]
[SourceDate "2023.10.10"]
[SourceVersion "1"]
[SourceVersionDate "2023.10.10"]
[SourceQuality "1"]

1. d4 d5 2. Nf3 Nf6 3. Bf4 e6 4. e3 Bd6 5. Bg5 0-0 6. Nbd2 c6 7. c3 Nbd7 8. Bd3 Qc7 9. Ne5 Bxe5 10. dxe5 Nxe5 11. Bc2 Ned7 12. 0-0 Re8 13. f4 h6 14. Bh4 Nh7 15. Bg3 Qb6 16. Bxh7+ Kxh7 17. Qc2+ f5 18. Rab1 Nf6 19. h3 Qc7 20. Nf3 b6 21. Bh2 Ba6 22. g4 Bxf1 23. Rxf1 Ne4 24. gxf5 exf5 25. Ne5 c5 26. Qg2 Qd6 27. h4 Qe6 28. h5 Rad8 29. Rd1 Nf6 30. Qg6+ Kg8 31. Bg3 Ng4 32. Qxe6+ Rxe6 33. Nxg4 fxg4 34. Kf2 Kf7 35. Bh4 Rd7 36. b3 g6 37. hxg6+ 0-1

[Event "Porto Sant Elpidio op-B 6th"]
[Site "Porto Sant Elpidio"]
[Date "2003.11.15"]
[Round "1"]
[White "Rastelli, Davide"]
[Black "Giri, Giovanni"]
[Result "1/2-1/2"]
[WhiteElo "1797"]
[BlackElo "1515"]
[PlyCount "83"]
[EventDate "2003.11.15"]
[EventType "swiss"]
[EventRounds "6"]
[EventCountry "ITA"]
[SourceTitle "EXT 2024"]
[Source "ChessBase"]
[SourceDate "2023.10.10"]
[SourceVersion "1"]
[SourceVersionDate "2023.10.10"]
[SourceQuality "1"]

1. d4 Nf6 2. c4 g6 3. Nc3 Bg7 4. e4 d6 5. Bd3 0-0 6. Nge2 e5 7. Be3 Nc6 8. d5 Ne7 9. 0-0 Nd7 10. Qd2 f5 11. f3 f4 12. Bf2 g5 13. b4 Nf6 14. c5 Ng6 15. cxd6 cxd6 16. Rac1 Rf7 17. Rc2 h5 18. Rfc1 g4 19. Nb5 Ne8 20. Nxa7 Bd7 21. Bb5 Qg5 22. Kh1 h4 23. Bxd7 Rxd7 24. Nb5 h3 25. Rg1 Nh4 26. Bxh4 Qxh4 27. g3 fxg3 28. Nxg3 Bh6 29. Nf5 Bxd2 30. Nxh4 Bxb4 31. Rxg4+ Kh7 32. Nf5 Ng7 33. Rh4+ Kg6 34. Rh6+ Kg5 35. Nbxd6 Bxd6 36. Rxd6 Rf7 37. Nxg7 Rxg7 38. Re6 Kf4 39. Rf6+ Ke3 40. Rf5 Rag8 41. Rc1 Kf2 42. Rc2+ 1/2-1/2